1 Billion streams club : Maroon 5 - Statistics

General Stats
  • This quiz has been taken 11 times
  • The average score is 10 of 12
Answer Stats
Album Song Streams % Correct
V Animals 1.9B
100%
V Maps 2.4B
89%
Jordi Memories 2.4B
89%
Overexposed(ft. Wiz Khalifa) Payphone 2.7B
89%
Songs About Jane She Will Be Loved 2.0B
89%
V Sugar 2.3B
89%
Songs About Jane This Love 1.7B
89%
Red Pill Blues(ft. Kendrick Lamar) Don't Wanna Know 1.1B
78%
Red Pill Blues(ft. Cardi B) Girls Like You 1.8B
78%
Red Pill Blues(ft. SZA) What Lovers Do 1.4B
78%
Hands All Over(ft. Christina Aguilera) Moves Like Jagger 2.1B
67%
Overexposed One More Night 1.3B
67%
No matching quizzes found
Score Distribution
Percent of People with Each Score
Percentile by Number Answered
Your Score History
You have not taken this quiz